| 000 | 00586nam a2200169 4500 | ||
|---|---|---|---|
| 008 | 051130s1984 miu 000 0 eng | ||
| 020 | _a0310608619 :USD5.95 | ||
| 090 |
_aBV4526.2 _bF94 |
||
| 100 | 1 | _aFrydenger, Tom. | |
| 245 | 1 | 4 |
_aThe blended family / _cby Tom and Adrienne Frydenger. |
| 260 |
_aGrand Rapids, Mich. : _bChosen Books, _cc1984. |
||
| 300 |
_a181 p. ; _c20 cm. |
||
| 650 | 4 |
_aFamily _xReligious life. |
|
| 650 | 4 |
_aRemarriage _xReligious aspects _xChristianity. |
|
| 700 | 1 | _aFrydenger, Adrienne. | |
| 951 |
_p21084 _x00008887 _oBV4526.2/F94 _j070613111530968 _d2000-12-21 _cGC |
||
| 999 |
_c25318 _d25318 |
||